000 00889nam a2200253Ia 4500
003 OSt
005 20220923211603.0
006 a|||||r|||| 00| 0
007 ta
008 220922b |||||||| |||| 00| 0 pan d
020 _a9789387276741 (pbk)
_c1375
024 _a349,358
037 _b172, 15/02/2019, National Book Shop
_cTextual
040 _aARTS
_cARTS
_bpan
041 _2pan
_apan
082 _aO153:g, Q9.1-.6
100 _aਕੌਰ, ਜਸਵੀਰ, ਂਚ.
245 0 _aਪੰਜਾਬੀ ਖੋਜ
_b ਪੰਜਾਬੀ ਕਾਵਿ ਅਤੇ ਵਾਰਤਕ
260 _aਪਟਿਆਲਾ
_b ਗ੍ਰੈFਿਅਸ
_c2019
300 _a195ਪ੍ਰ0
_ccm.
650 _aਪੰਜਾਬੀ ਸਾਹਿਤ
942 _hO153:g, Q9.1-.6
_cTEXL
_2CC
999 _c301080
_d301080